| 000 | 00797nam a22002177a 4500 | ||
|---|---|---|---|
| 999 |
_c9812 _d9812 |
||
| 003 | AR-CdUCM | ||
| 008 | 190328b ||||| |||| 00| 0 spa d | ||
| 040 |
_aMUNICIPALIDAD PROVINCIAL DEL CUSCO _cBIBLIOTECA MUNICIPAL DEL CUSCO |
||
| 082 |
_a321.07 / _bM79 / 1941 |
||
| 100 |
_aMoro,Tomas _96658 |
||
| 245 | _aUtopia / | ||
| 260 |
_aBuenos Aires : _bSopena, _c1941. |
||
| 300 |
_a126 páginas ; _c23 cm. |
||
| 505 | _aContenido : Noticia, juicio y recomendación de la utopía y de Tomas Moro -- Introducción -- Al excelente y honorable caballero Maese Guillermo Cecil -- El traductor al gentil lector... | ||
| 650 |
_aUtopia _926268 |
||
| 650 |
_aHisroria _926269 |
||
| 650 |
_aReflexiones _93812 |
||
| 700 |
_aRouquette de Fonvielle, Claudio _926270 |
||
| 942 |
_2ddc _cLIBROS |
||
| 945 | _arah | ||